01222nam a22003257a 4500001001000000003000900010005001700019007000300036008003400039040005400073041001000127072003100137090001900168100002900187110006500216245020700281260003400488300001100522500006900533650001100602650001000613650001500623650001600638650001000654650002000664909003600684942000700720999001700727952015200744BR0906474BR-BrBNA20230928103138.0ta230509b bl.||||| |||| 00| 0 por d aBR-BrBNAbporcBiblioteca Nacional de Agricultura a(Por) aH20; H10b0210b4150b3877  0210 BR09064741 aRabelo Filho, F. de A.C.1 aUniversidade Federal de Lavras, MG (Brasil)0Tese (Mestrado)1 aCaracterização de isolados de Potato virus Y (PVY)de Minas Gerais e avaliação da disseminação do vírus e de resíduos de inseticidas em tubérculos de batata após o controle de vetores3 aLavras, MG (Brasil): c2008.  a101 p. aSummaries (Eng, Por); Several bibliography; 13 tables; 14 illus. aBATATA aVIRUS aINSETICIDA aTUBÉRCULO aVETOR aEFEITO RESIDUAL a202309bLuciac55dLucia Elande cBK c73916d73916 002AGRIS40708AGROBASEa41918b41918l0o 0210 BR0906474p0210 BR0906474r2023-09-25t01yBK10d2023-09-25ePortaria Interministerial nº 164/94